000 00226nam a2200109Ia 4500
008 190216s9999||||xx |||||||||||||| ||und||
100 _aSiviyan
245 0 _aKarshaka Mithram
260 _bNull
650 _aBotany
942 _cBK
999 _c1352
_d1352